[Event "MCR druzstev mladsich zaku 2015"]
[Site "Hradec Kralove"]
[Date "2015.06.14"]
[Round "8.7"]
[White "Nemec (Kurim), David"]
[Black "Koubova (ERA), Anna Marie"]
[Result "1-0"]
[BlackElo "1623"]
[WhiteElo "1556"]
[LiveChessVersion "1.4.4"]

1. c4 {[%clk 0:25:19]} c6 {[%clk 0:25:17]} 2. e4 {[%clk 0:25:26]} d5
{[%clk 0:25:12]} 3. exd5 {[%clk 0:25:30]} cxd5 {[%clk 0:25:20]} 4. d4
{[%clk 0:25:38]} Nf6 {[%clk 0:24:47]} 5. Nc3 {[%clk 0:24:52]} Bf5
{[%clk 0:23:11]} 6. Nf3 {[%clk 0:23:42]} e6 {[%clk 0:20:42]} 7. c5
{[%clk 0:21:49]} a6 {[%clk 0:20:29]} 8. Bf4 {[%clk 0:20:10]} Nc6 {[%clk 0:16:48]}
9. a3 {[%clk 0:18:24]} b6 {[%clk 0:12:43]} 10. b4 {[%clk 0:16:51]} Nd7
{[%clk 0:08:58]} 11. b5 {[%clk 0:08:38]} axb5 {[%clk 0:08:06]} 12. Bxb5
{[%clk 0:08:46]} Qc8 {[%clk 0:06:56]} 13. cxb6 {[%clk 0:07:16]} Nxb6
{[%clk 0:06:38]} 14. Ne5 {[%clk 0:06:31]} Be7 {[%clk 0:04:57]} 15. Nxc6
{[%clk 0:04:44]} Kf8 {[%clk 0:04:24]} 16. Qb3 {[%clk 0:03:33]} Nc4
{[%clk 0:03:25]} 17. Nxe7 {[%clk 0:02:45]} Kxe7 {[%clk 0:03:30]} 18. Qb4+
{[%clk 0:02:46]} Kf6 {[%clk 0:03:31]} 19. O-O {[%clk 0:02:45]} Ra7
{[%clk 0:02:25]} 20. Bxc4 {[%clk 0:02:48]} dxc4 {[%clk 0:02:31]} 21. Be5+
{[%clk 0:02:50]} Kg6 {[%clk 0:02:38]} 22. Qb2 {[%clk 0:02:45]} Rb7
{[%clk 0:02:27]} 23. Qd2 {[%clk 0:02:53]} f6 {[%clk 0:02:31]} 24. Bg3
{[%clk 0:03:00]} Rd8 {[%clk 0:02:17]} 25. Ne2 {[%clk 0:01:40]} e5
{[%clk 0:01:52]} 26. d5 {[%clk 0:01:49]} Bd3 {[%clk 0:01:19]} 27. f4
{[%clk 0:01:38]} Qc5+ {[%clk 0:00:36]} 28. Bf2 {[%clk 0:01:43]} Qxd5
{[%clk 0:00:43]} 29. f5+ {[%clk 0:01:42]} Kf7 {[%clk 0:00:49]} 30. Rfd1
{[%clk 0:01:46]} Qe4 {[%clk 0:00:22]} 31. Ng3 {[%clk 0:01:51]} Qc6
{[%clk 0:00:17]} 32. Qa5 {[%clk 0:01:59]} Rbb8 {[%clk 0:00:25]} 33. Qc3
{[%clk 0:02:01]} Qc8 {[%clk 0:00:32]} 34. Rac1 {[%clk 0:02:01]} Rb3
{[%clk 0:00:34]} 35. Qa5 {[%clk 0:02:09]} c3 {[%clk 0:00:32]} 36. Bb6
{[%clk 0:01:58]} Rd7 {[%clk 0:00:41]} 37. Bc5 {[%clk 0:02:07]} c2
{[%clk 0:00:44]} 38. Re1 {[%clk 0:02:11]} Rb1 {[%clk 0:00:51]} 39. Bb4
{[%clk 0:02:14]} Qc4 {[%clk 0:00:30]} 40. Qa4 {[%clk 0:02:09]} Qd4+
{[%clk 0:00:29]} 41. Kh1 {[%clk 0:02:17]} Qb2 {[%clk 0:00:37]} 42. Qxd7+
{[%clk 0:02:25]} 1-0

[Event "MCR druzstev mladsich zaku 2015"]
[Site "Hradec Kralove"]
[Date "2015.06.14"]
[Round "8.8"]
[White "Hrbek (ERA), Stepan"]
[Black "Tajovsky (Kurim), Matej"]
[Result "0-1"]
[BlackElo "1643"]
[WhiteElo "1452"]
[LiveChessVersion "1.4.4"]

1. d4 d5 {[%clk 0:25:09]} 2. Nf3 Nf6 3. g3 {[%clk 0:25:33]} e6 {[%clk 0:25:17]}
4. Bg2 {[%clk 0:25:38]} Nbd7 {[%clk 0:25:22]} 5. O-O {[%clk 0:25:42]} b6
{[%clk 0:25:26]} 6. c4 {[%clk 0:25:44]} Bb7 {[%clk 0:25:33]} 7. Nc3
{[%clk 0:25:34]} Be7 {[%clk 0:25:19]} 8. Qb3 {[%clk 0:25:02]} Rb8
{[%clk 0:24:43]} 9. Bd2 {[%clk 0:23:55]} c6 {[%clk 0:24:30]} 10. cxd5
{[%clk 0:22:04]} cxd5 {[%clk 0:24:17]} 11. Rac1 {[%clk 0:21:26]} O-O
{[%clk 0:23:32]} 12. Rc2 {[%clk 0:20:29]} a6 {[%clk 0:21:49]} 13. a3
{[%clk 0:19:22]} b5 {[%clk 0:21:05]} 14. Rfc1 {[%clk 0:17:00]} Nb6
{[%clk 0:20:25]} 15. Ne5 {[%clk 0:15:40]} Nc4 {[%clk 0:19:35]} 16. Qa2
{[%clk 0:14:49]} Nxe5 {[%clk 0:18:04]} 17. dxe5 {[%clk 0:14:50]} Ng4
{[%clk 0:17:18]} 18. f4 {[%clk 0:12:43]} Qb6+ {[%clk 0:16:07]} 19. e3 Nxe3
{[%clk 0:15:33]} 20. Bxe3 {[%clk 0:11:53]} Qxe3+ {[%clk 0:15:40]} 21. Kh1
{[%clk 0:11:06]} Rfd8 {[%clk 0:13:19]} 22. Rd1 {[%clk 0:06:53]} d4
{[%clk 0:10:40]} 23. Bxb7 {[%clk 0:04:54]} Rxb7 {[%clk 0:10:14]} 24. Ne2
{[%clk 0:02:39]} d3 {[%clk 0:09:18]} 25. Rcd2 {[%clk 0:02:40]} Qf3+
{[%clk 0:09:00]} 26. Kg1 {[%clk 0:02:46]} Bc5+ {[%clk 0:09:00]} 27. Nd4
{[%clk 0:02:46]} Bxd4+ {[%clk 0:08:55]} 28. Rf2 {[%clk 0:02:53]} Bxf2+
{[%clk 0:08:51]} 29. Kf1 {[%clk 0:03:02]} Bxg3+ {[%clk 0:08:48]} 30. Kg1
{[%clk 0:03:08]} Qf2+ {[%clk 0:08:55]} 31. Kh1 {[%clk 0:03:16]} Qxh2# 0-1

[Event "MCR druzstev mladsich zaku 2015"]
[Site "Hradec Kralove"]
[Date "2015.06.14"]
[Round "8.9"]
[White "Richterova (Kurim), Julie"]
[Black "Rousek (ERA), Jan"]
[Result "0-1"]
[BlackElo "1461"]
[WhiteElo "1422"]
[LiveChessVersion "1.4.4"]

1. d4 {[%clk 0:25:19]} c5 {[%clk 0:25:19]} 2. d5 {[%clk 0:25:25]} e5
{[%clk 0:25:26]} 3. e4 {[%clk 0:25:17]} d6 {[%clk 0:25:26]} 4. c4
{[%clk 0:25:09]} Be7 {[%clk 0:25:11]} 5. Nc3 {[%clk 0:24:58]} f5 {[%clk 0:20:58]}
6. Be2 {[%clk 0:19:47]} Nf6 {[%clk 0:19:38]} 7. Nf3 {[%clk 0:17:38]} Nxe4
{[%clk 0:17:30]} 8. Nxe4 {[%clk 0:16:56]} fxe4 {[%clk 0:17:37]} 9. Nd2
{[%clk 0:16:34]} e3 {[%clk 0:14:12]} 10. fxe3 {[%clk 0:16:02]} O-O
{[%clk 0:13:11]} 11. Bg4 {[%clk 0:13:44]} Bh4+ {[%clk 0:11:24]} 12. g3
{[%clk 0:13:20]} Qg5 {[%clk 0:09:56]} 13. Nf3 {[%clk 0:05:38]} Bxg3+
{[%clk 0:09:14]} 14. hxg3 {[%clk 0:05:35]} Qxg4 {[%clk 0:09:22]} 15. Rf1
{[%clk 0:01:46]} Qxg3+ {[%clk 0:08:57]} 16. Kd2 {[%clk 0:01:00]} Bg4
{[%clk 0:08:20]} 0-1

[Event "MCR druzstev mladsich zaku 2015"]
[Site "Hradec Kralove"]
[Date "2015.06.14"]
[Round "8.10"]
[White "Husa (ERA), Daniel"]
[Black "Petricek (Kurim), Lukas"]
[Result "0-1"]
[BlackElo "1441"]
[WhiteElo "1494"]
[LiveChessVersion "1.4.4"]

1. d4 {[%clk 0:25:17]} d5 {[%clk 0:25:15]} 2. Nf3 {[%clk 0:25:23]} Nf6
{[%clk 0:25:12]} 3. Bf4 {[%clk 0:25:28]} Bf5 {[%clk 0:24:48]} 4. e3
{[%clk 0:25:30]} e6 {[%clk 0:24:37]} 5. Bd3 {[%clk 0:25:29]} Bg4 {[%clk 0:23:49]}
6. h3 {[%clk 0:25:03]} Bh5 {[%clk 0:23:53]} 7. Nbd2 {[%clk 0:24:10]} Be7
{[%clk 0:23:23]} 8. O-O {[%clk 0:23:08]} O-O {[%clk 0:23:12]} 9. c4
{[%clk 0:22:00]} c6 {[%clk 0:22:34]} 10. Qc2 {[%clk 0:20:08]} Nbd7
{[%clk 0:20:30]} 11. Rac1 {[%clk 0:18:21]} Rc8 {[%clk 0:20:14]} 12. Ne5
{[%clk 0:16:51]} c5 {[%clk 0:18:34]} 13. Nxd7 {[%clk 0:14:24]} Qxd7
{[%clk 0:18:34]} 14. dxc5 {[%clk 0:12:16]} Bxc5 15. Qb3 {[%clk 0:09:52]} Rfd8
{[%clk 0:17:04]} 16. Rc3 {[%clk 0:07:37]} d4 {[%clk 0:14:34]} 17. exd4
{[%clk 0:06:15]} Bxd4 {[%clk 0:14:41]} 18. Rc2 {[%clk 0:05:00]} Bxf2+
{[%clk 0:14:23]} 19. Rxf2 {[%clk 0:04:41]} Qxd3 {[%clk 0:14:30]} 20. Qxd3
{[%clk 0:04:25]} Rxd3 {[%clk 0:14:36]} 21. Nb3 {[%clk 0:03:44]} Bd1
{[%clk 0:14:34]} 22. Rcd2 {[%clk 0:03:44]} Rxd2 {[%clk 0:13:58]} 23. Nxd2
{[%clk 0:03:54]} Ba4 {[%clk 0:13:56]} 24. b3 {[%clk 0:03:26]} Bc6
{[%clk 0:13:52]} 25. Nf3 {[%clk 0:03:23]} Ne4 {[%clk 0:12:51]} 26. Re2
{[%clk 0:03:14]} Rd8 {[%clk 0:11:40]} 27. Ne5 {[%clk 0:03:10]} Nc5
{[%clk 0:10:49]} 28. Nxc6 {[%clk 0:03:09]} bxc6 {[%clk 0:10:58]} 29. Rd2
{[%clk 0:03:10]} Rxd2 {[%clk 0:10:50]} 30. Bxd2 {[%clk 0:03:19]} Ne4
{[%clk 0:10:59]} 31. Be3 {[%clk 0:03:18]} a6 {[%clk 0:11:06]} 32. Kf1
{[%clk 0:03:20]} Kf8 {[%clk 0:11:16]} 33. a3 {[%clk 0:03:22]} Ke7
{[%clk 0:11:22]} 34. Ke2 {[%clk 0:03:30]} Kd6 {[%clk 0:11:28]} 35. Kd3
{[%clk 0:03:38]} Nc5+ {[%clk 0:11:33]} 36. Kc3 {[%clk 0:03:38]} f5
{[%clk 0:10:55]} 37. b4 {[%clk 0:03:45]} Ne4+ {[%clk 0:11:04]} 38. Kd3
{[%clk 0:03:51]} h6 {[%clk 0:10:55]} 39. a4 {[%clk 0:03:35]} g5 {[%clk 0:10:58]}
40. Kd4 {[%clk 0:02:56]} c5+ {[%clk 0:10:59]} 41. bxc5+ {[%clk 0:02:50]} Nxc5
{[%clk 0:11:08]} 42. Kc3 {[%clk 0:02:35]} f4 {[%clk 0:10:56]} 43. Bd4
{[%clk 0:02:41]} e5 {[%clk 0:11:04]} 44. Kb4 {[%clk 0:02:33]} exd4
{[%clk 0:11:09]} 45. Ka3 {[%clk 0:02:31]} d3 {[%clk 0:11:16]} 46. g4
{[%clk 0:02:41]} fxg3 47. h4 gxh4 {[%clk 0:11:31]} 48. a5 {[%clk 0:02:58]} g2
{[%clk 0:11:37]} 49. Kb4 {[%clk 0:03:06]} g1=Q {[%clk 0:11:44]} 50. Kc3
{[%clk 0:03:12]} Qe1+ {[%clk 0:11:53]} 51. Kb2 {[%clk 0:03:18]} Qb4+
{[%clk 0:12:02]} 52. Kc1 {[%clk 0:03:15]} Nb3+ {[%clk 0:12:07]} 53. Kb2
{[%clk 0:03:23]} Kc5 54. Ka2 {[%clk 0:03:25]} Kxc4 {[%clk 0:12:15]} 55. Kb2
{[%clk 0:03:33]} Qc3+ {[%clk 0:12:22]} 56. Ka2 {[%clk 0:03:34]} Qa1# 0-1

[Event "MCR druzstev mladsich zaku 2015"]
[Site "Hradec Kralove"]
[Date "2015.06.14"]
[Round "8.11"]
[White "Kriz (Kurim), Tomas"]
[Black "Prochazka (ERA), Vojtech"]
[Result "1-0"]
[BlackElo "1364"]
[WhiteElo "1477"]
[LiveChessVersion "1.4.4"]

1. e4 {[%clk 0:25:16]} e5 {[%clk 0:25:17]} 2. Nf3 {[%clk 0:25:22]} Nc6
{[%clk 0:25:24]} 3. d4 {[%clk 0:25:28]} exd4 {[%clk 0:25:28]} 4. Nxd4
{[%clk 0:25:30]} Bc5 {[%clk 0:25:32]} 5. Nb3 {[%clk 0:25:13]} Bb6
{[%clk 0:25:24]} 6. Nc3 {[%clk 0:25:03]} Nf6 {[%clk 0:25:05]} 7. Bg5
{[%clk 0:24:56]} h6 {[%clk 0:24:51]} 8. Bh4 {[%clk 0:24:57]} g5 {[%clk 0:24:27]}
9. Bg3 {[%clk 0:24:45]} d6 {[%clk 0:23:55]} 10. Bd3 {[%clk 0:24:11]} Qe7
{[%clk 0:22:51]} 11. Qe2 {[%clk 0:21:09]} Bd7 {[%clk 0:21:17]} 12. O-O-O
{[%clk 0:16:26]} O-O-O {[%clk 0:20:55]} 13. Rhe1 {[%clk 0:15:58]} Ne5
{[%clk 0:19:42]} 14. f3 {[%clk 0:12:37]} Nxd3+ {[%clk 0:19:19]} 15. Qxd3
{[%clk 0:11:50]} Nh5 {[%clk 0:18:24]} 16. Nd5 {[%clk 0:10:39]} Qe6
{[%clk 0:17:51]} 17. Nxb6+ {[%clk 0:10:42]} axb6 {[%clk 0:17:45]} 18. Bf2
{[%clk 0:08:53]} Nf4 {[%clk 0:16:51]} 19. Qc3 {[%clk 0:08:05]} Bc6
{[%clk 0:14:26]} 20. g3 {[%clk 0:07:01]} Ng6 {[%clk 0:13:45]} 21. Bd4
{[%clk 0:06:30]} Rhg8 {[%clk 0:12:51]} 22. Be3 {[%clk 0:03:54]} f5
{[%clk 0:11:32]} 23. Nd4 {[%clk 0:03:23]} Qe5 {[%clk 0:10:56]} 24. exf5
{[%clk 0:02:25]} Ne7 {[%clk 0:09:13]} 25. Bxg5 {[%clk 0:02:08]} Qg7
{[%clk 0:08:29]} 26. Nxc6 {[%clk 0:02:07]} Qxc3 {[%clk 0:08:15]} 27. Nxe7+
{[%clk 0:02:16]} Kd7 {[%clk 0:08:13]} 28. bxc3 {[%clk 0:02:25]} Rxg5
{[%clk 0:08:17]} 29. f4 {[%clk 0:02:02]} Rh5 {[%clk 0:08:12]} 30. h4
{[%clk 0:02:06]} Re8 {[%clk 0:08:12]} 31. Ng6 {[%clk 0:01:46]} Rxf5
{[%clk 0:08:01]} 32. Rxe8 {[%clk 0:01:48]} Kxe8 {[%clk 0:08:09]} 33. Re1+
{[%clk 0:01:31]} Kf7 {[%clk 0:08:06]} 34. Ne7 {[%clk 0:01:30]} Rc5
{[%clk 0:07:48]} 35. Kb2 {[%clk 0:00:46]} Rb5+ 36. Ka1 {[%clk 0:00:50]} Rc5
{[%clk 0:07:44]} 37. Kb2 {[%clk 0:01:00]} Rb5+ 38. Kc1 {[%clk 0:01:07]} Rc5
{[%clk 0:08:00]} 39. Kd2 {[%clk 0:01:06]} Ra5 40. Kd3 {[%clk 0:00:58]} Rxa2
{[%clk 0:08:09]} 41. Nd5 {[%clk 0:01:07]} c6 {[%clk 0:07:49]} 42. Nxb6
{[%clk 0:01:03]} Rb2 {[%clk 0:07:50]} 43. Nc4 {[%clk 0:01:12]} Ra2
{[%clk 0:07:33]} 44. Nxd6+ {[%clk 0:01:21]} Kf6 {[%clk 0:07:41]} 45. Nxb7
{[%clk 0:01:29]} Rb2 {[%clk 0:07:44]} 46. Nc5 {[%clk 0:01:37]} Rb5
{[%clk 0:07:40]} 47. Re5 {[%clk 0:01:32]} Kf7 {[%clk 0:07:26]} 48. Nd7
{[%clk 0:01:31]} Rxe5 {[%clk 0:07:29]} 49. Nxe5+ {[%clk 0:01:39]} Ke6
{[%clk 0:07:35]} 50. Nxc6 {[%clk 0:01:48]} Kd6 {[%clk 0:07:39]} 51. Nd4
{[%clk 0:01:57]} Kd7 {[%clk 0:07:39]} 52. c4 {[%clk 0:02:06]} Ke8
{[%clk 0:07:45]} 1-0

[Event "MCR druzstev mladsich zaku 2015"]
[Site "Hradec Kralove"]
[Date "2015.06.14"]
[Round "8.12"]
[White "Skoumal (ERA), Daniel"]
[Black "Keprt (Kurim), Tomas"]
[Result "1/2-1/2"]
[BlackElo "1262"]
[WhiteElo "1339"]
[LiveChessVersion "1.4.4"]

1. e4 {[%clk 0:25:17]} c5 {[%clk 0:25:16]} 2. Nf3 {[%clk 0:25:25]} d6
{[%clk 0:24:54]} 3. d4 {[%clk 0:25:28]} cxd4 {[%clk 0:24:49]} 4. Nxd4
{[%clk 0:25:33]} Nf6 {[%clk 0:24:43]} 5. Nc3 {[%clk 0:25:33]} Nc6
{[%clk 0:24:31]} 6. Bb5 {[%clk 0:25:31]} Bd7 {[%clk 0:24:19]} 7. Bxc6
{[%clk 0:25:27]} bxc6 {[%clk 0:24:07]} 8. O-O {[%clk 0:25:17]} e6
{[%clk 0:24:01]} 9. Bg5 {[%clk 0:25:14]} Be7 {[%clk 0:23:58]} 10. Bxf6
{[%clk 0:25:13]} Bxf6 {[%clk 0:23:57]} 11. Re1 {[%clk 0:25:09]} O-O
{[%clk 0:23:36]} 12. Nde2 {[%clk 0:24:54]} Qc7 {[%clk 0:23:03]} 13. Ng3
{[%clk 0:24:29]} Rad8 {[%clk 0:22:31]} 14. Re3 {[%clk 0:24:17]} e5
{[%clk 0:21:10]} 15. Nf5 {[%clk 0:23:55]} Bxf5 {[%clk 0:19:31]} 16. exf5
{[%clk 0:23:05]} Qc8 {[%clk 0:16:28]} 17. Qg4 {[%clk 0:22:59]} Kh8 18. Ne4
{[%clk 0:22:54]} Be7 {[%clk 0:15:22]} 19. Rf3 {[%clk 0:22:46]} g6 20. Ng5 d5
{[%clk 0:12:07]} 21. Qh4 {[%clk 0:22:13]} Bxg5 {[%clk 0:11:46]} 22. Qxg5
{[%clk 0:22:18]} e4 {[%clk 0:10:36]} 23. Re3 {[%clk 0:21:36]} Qxf5
{[%clk 0:10:09]} 24. Qxf5 {[%clk 0:21:37]} gxf5 {[%clk 0:10:16]} 25. f3
{[%clk 0:21:39]} Rfe8 {[%clk 0:09:50]} 26. Rf1 {[%clk 0:21:40]} Kg7
{[%clk 0:09:21]} 27. fxe4 {[%clk 0:21:43]} Rxe4 {[%clk 0:08:49]} 28. Rg3+
{[%clk 0:21:20]} Kf6 {[%clk 0:08:37]} 29. Rgf3 {[%clk 0:21:26]} Re5
{[%clk 0:07:49]} 30. g4 {[%clk 0:21:31]} Rde8 {[%clk 0:07:31]} 31. Rxf5+
{[%clk 0:21:31]} Rxf5 {[%clk 0:07:35]} 32. Rxf5+ {[%clk 0:21:37]} Kg6
{[%clk 0:07:34]} 33. h4 {[%clk 0:21:32]} Re4 {[%clk 0:06:49]} 34. Rg5+
{[%clk 0:21:31]} Kf6 {[%clk 0:06:52]} 35. Kf2 {[%clk 0:21:29]} Re5
{[%clk 0:06:31]} 36. Rxe5 {[%clk 0:21:09]} Kxe5 {[%clk 0:06:39]} 37. Kf3
{[%clk 0:21:08]} f6 {[%clk 0:06:20]} 38. Ke3 {[%clk 0:20:44]} c5 {[%clk 0:05:49]}
39. c3 {[%clk 0:20:32]} c4 {[%clk 0:04:32]} 40. h5 {[%clk 0:20:30]} Ke6
{[%clk 0:03:27]} 41. b4 {[%clk 0:20:22]} cxb3 {[%clk 0:03:30]} 42. axb3
{[%clk 0:20:27]} Ke5 {[%clk 0:03:01]} 43. b4 {[%clk 0:19:58]} a6 {[%clk 0:02:58]}
44. h6 {[%clk 0:19:47]} Kd6 {[%clk 0:01:49]} 45. Kf4 {[%clk 0:19:42]} Ke6
{[%clk 0:01:53]} 46. g5 {[%clk 0:19:07]} fxg5+ {[%clk 0:01:54]} 47. Kxg5
{[%clk 0:19:15]} Ke5 {[%clk 0:01:56]} 48. Kg4 {[%clk 0:19:16]} Kf6
{[%clk 0:01:32]} 49. Kf4 {[%clk 0:19:22]} Ke6 {[%clk 0:01:01]} 50. Ke3
{[%clk 0:19:25]} Ke5 {[%clk 0:00:57]} 51. Kd3 {[%clk 0:19:28]} Ke6
{[%clk 0:00:50]} 52. Kd4 {[%clk 0:19:15]} Kd6 {[%clk 0:00:48]} 53. Ke3
{[%clk 0:19:04]} Ke5 {[%clk 0:00:52]} 54. Kf3 {[%clk 0:19:12]} Kf6
{[%clk 0:00:47]} 55. Kf4 {[%clk 0:19:18]} Ke6 {[%clk 0:00:44]} 56. Ke3
{[%clk 0:18:34]} Ke5 {[%clk 0:00:43]} 57. Kd3 {[%clk 0:18:43]} Ke6
{[%clk 0:00:49]} 58. c4 {[%clk 0:18:45]} dxc4+ {[%clk 0:00:35]} 59. Kxc4
{[%clk 0:18:52]} Kd6 {[%clk 0:00:43]} 60. Kd4 {[%clk 0:18:47]} Ke6 1/2-1/2

[Event "MCR druzstev mladsich zaku 2015"]
[Site "Hradec Kralove"]
[Date "2015.06.14"]
[Round "8.13"]
[White "Ocko (Interchess), Dominik"]
[Black "Vorisek (Vlasim), Jakub"]
[Result "1/2-1/2"]
[BlackElo "1840"]
[WhiteElo "1677"]
[LiveChessVersion "1.4.4"]

1. d4 {[%clk 0:25:17]} d5 {[%clk 0:25:09]} 2. Nc3 {[%clk 0:25:22]} Bf5
{[%clk 0:24:20]} 3. Bf4 {[%clk 0:24:52]} e6 {[%clk 0:23:40]} 4. f3
{[%clk 0:24:07]} Nf6 {[%clk 0:22:21]} 5. g4 {[%clk 0:23:40]} Bg6 {[%clk 0:21:08]}
6. Qd2 {[%clk 0:19:48]} Bd6 {[%clk 0:19:56]} 7. Bxd6 {[%clk 0:17:24]} Qxd6 8.
O-O-O Nbd7 {[%clk 0:16:01]} 9. g5 {[%clk 0:16:10]} Nh5 {[%clk 0:15:09]} 10. e3
{[%clk 0:13:46]} O-O-O {[%clk 0:13:35]} 11. Bd3 {[%clk 0:10:39]} a6
{[%clk 0:10:35]} 12. Kb1 Kb8 {[%clk 0:10:09]} 13. Nge2 {[%clk 0:08:23]} c5
{[%clk 0:08:03]} 14. Bxg6 {[%clk 0:04:44]} hxg6 {[%clk 0:07:58]} 15. f4
{[%clk 0:02:24]} c4 {[%clk 0:05:14]} 16. Rde1 {[%clk 0:01:20]} b5
{[%clk 0:04:19]} 17. Ka1 {[%clk 0:01:04]} Ka7 {[%clk 0:04:16]} 18. Rb1
{[%clk 0:00:59]} Nb6 {[%clk 0:03:12]} 19. b3 {[%clk 0:00:34]} Rb8
{[%clk 0:01:36]} 20. b4 {[%clk 0:00:35]} Qe7 {[%clk 0:01:02]} 21. a3
{[%clk 0:00:39]} Rbc8 {[%clk 0:00:54]} 22. Kb2 {[%clk 0:00:42]} Rh7
{[%clk 0:01:00]} 23. Kc1 {[%clk 0:00:50]} Rhh8 {[%clk 0:01:09]} 24. Kb2
{[%clk 0:00:57]} Rh7 {[%clk 0:01:13]} 25. Kc1 {[%clk 0:01:02]} Rch8
{[%clk 0:01:21]} 26. Kb2 {[%clk 0:01:03]} Qd7 {[%clk 0:01:26]} 27. Rbg1
{[%clk 0:01:07]} Nc8 {[%clk 0:01:33]} 28. Qe1 {[%clk 0:01:11]} Ne7
{[%clk 0:01:38]} 29. Nd1 {[%clk 0:01:05]} Nf5 {[%clk 0:01:42]} 30. c3
{[%clk 0:01:10]} Kb6 {[%clk 0:01:39]} 31. Qf2 {[%clk 0:01:14]} Nd6
{[%clk 0:01:41]} 32. Qe1 {[%clk 0:01:16]} Ne4 {[%clk 0:01:50]} 33. Nf2
{[%clk 0:01:23]} Nd6 {[%clk 0:01:48]} 34. Ng4 {[%clk 0:01:05]} Nf5
{[%clk 0:01:43]} 35. Qc1 {[%clk 0:00:53]} Qe7 {[%clk 0:01:35]} 36. Ne5
{[%clk 0:00:38]} Ra8 {[%clk 0:01:29]} 37. Qd2 {[%clk 0:00:40]} Rhh8
{[%clk 0:01:24]} 38. Ra1 {[%clk 0:00:44]} Ra7 {[%clk 0:01:25]} 39. Ng4
{[%clk 0:00:33]} Raa8 {[%clk 0:01:08]} 40. Qc2 {[%clk 0:00:37]} Qb7
{[%clk 0:01:02]} 41. a4 {[%clk 0:00:34]} Qc6 {[%clk 0:00:50]} 42. a5+ Ka7
{[%clk 0:00:56]} 43. Qd2 {[%clk 0:00:45]} Qc7 {[%clk 0:00:59]} 44. Ne5
{[%clk 0:00:51]} Kb7 {[%clk 0:00:56]} 45. Rag1 {[%clk 0:00:47]} Rh7
{[%clk 0:00:49]} 46. Kc2 {[%clk 0:00:29]} Rah8 {[%clk 0:00:41]} 47. Qc1
{[%clk 0:00:23]} Qe7 {[%clk 0:00:43]} 48. Ng4 {[%clk 0:00:21]} Qd7
{[%clk 0:00:48]} 49. Ne5 {[%clk 0:00:30]} Qe7 {[%clk 0:00:55]} 50. Ng4
{[%clk 0:00:39]} Kc7 {[%clk 0:00:59]} 51. Kd2 {[%clk 0:00:44]} Kb7
{[%clk 0:00:55]} 52. Qe1 {[%clk 0:00:38]} Nd6 {[%clk 0:00:59]} 53. Nf2
{[%clk 0:00:31]} Ka7 {[%clk 0:00:41]} 54. Kc2 {[%clk 0:00:33]} Kb7
{[%clk 0:00:48]} 55. Kd2 {[%clk 0:00:42]} Kc7 {[%clk 0:00:53]} 56. Kc2
{[%clk 0:00:50]} Kb8 {[%clk 0:01:01]} 57. Kd2 {[%clk 0:00:59]} Kb7
{[%clk 0:00:55]} 58. Kc2 {[%clk 0:01:05]} Rc8 {[%clk 0:00:49]} 59. Kd2
{[%clk 0:01:00]} Rch8 {[%clk 0:00:42]} 60. Kc2 {[%clk 0:00:41]} Nc8
{[%clk 0:00:43]} 61. Ng4 {[%clk 0:00:47]} Na7 {[%clk 0:00:37]} 62. Ne5
{[%clk 0:00:44]} Ka8 {[%clk 0:00:38]} 63. Kd2 {[%clk 0:00:50]} Kb8
{[%clk 0:00:41]} 64. Kc2 {[%clk 0:00:48]} Kb7 {[%clk 0:00:34]} 65. Qf2
{[%clk 0:00:46]} Nc8 {[%clk 0:00:33]} 66. Qe1 {[%clk 0:00:50]} Nd6
{[%clk 0:00:42]} 67. Ng4 {[%clk 0:00:52]} Nf5 {[%clk 0:00:47]} 68. Kd2
{[%clk 0:01:01]} Ka8 {[%clk 0:00:43]} 69. Ne5 {[%clk 0:00:46]} Kb7
{[%clk 0:00:42]} 70. Qf1 {[%clk 0:00:34]} Qe8 {[%clk 0:00:40]} 71. Qg2
{[%clk 0:00:27]} Nd6 {[%clk 0:00:38]} 72. Ng4 {[%clk 0:00:11]} Ka7
{[%clk 0:00:38]} 73. Kc2 {[%clk 0:00:18]} Kb8 {[%clk 0:00:43]} 74. Kd2
{[%clk 0:00:26]} Ka7 {[%clk 0:00:52]} 75. Kc2 {[%clk 0:00:35]} Kb8
{[%clk 0:00:59]} 76. Kd2 {[%clk 0:00:24]} Ka7 {[%clk 0:01:08]} 77. Kd1
{[%clk 0:00:17]} Kb8 {[%clk 0:00:39]} 78. Kc2 {[%clk 0:00:25]} Ka7
{[%clk 0:00:48]} 79. Kd1 {[%clk 0:00:33]} Kb8 {[%clk 0:00:54]} 80. Kc2
{[%clk 0:00:20]} Ka7 {[%clk 0:00:53]} 81. Kc1 {[%clk 0:00:22]} Kb8
{[%clk 0:00:51]} 82. Nf2 {[%clk 0:00:27]} Qc6 {[%clk 0:00:50]} 83. Ng4
{[%clk 0:00:35]} Qe8 {[%clk 0:00:57]} 1/2-1/2